000
00268nam a22001097a 4500
008
170110b xxu||||| |||| 00| 0 eng d
020
_a
9780803609815
041
_a
eng
080
_a
618.2
245
_a
INSTRUCTOR'S GUIDE CONCEPT MAPPING
_c
SCHUSTER, P.M
942
_2
udc
_c
BK
999
_c
2663
_d
2663